000 00944nam a22002057a 4500
001 85459
003 BD-RjUL
005 20250807102406.0
008 250807s1966 ii ||||| |||| 00| 0 ur d
035 _a(BD-RjUL)85459
040 _aBD-RjUL
_beng
_cBD-RjUL
041 _aurd
082 _223
_a297.5
_bDEG 1966
100 _aدہلوى، میىر امن ;; Dehlawi, Mir Aman;
_916495
245 1 0 _aگنج خوبى = Ganj-i k̲h̲ūbī /
_cAuthors:Authors:میىر امن دہلوى ؛ مع مقدمہ از خواجہ احمد فاروقى = Mīr Amman Dihlavī ; maʻ muqaddamah az K̲h̲vājah Aḥmad Fārūqī.
260 _aDelhi:
_bشعبۂ اردو، دہلى ىونىورسٹى]،, [Shuʻbah-yi Urdū, Dihlī Yūnīvarsiṭī],= the depertment of urdu University of Delhi ,
_c1966
300 _axxxvii, 320, 13 pages :
_b facsimiles;
_c 25 cm
650 _aEarly works
_vIslamic ethics
_y Early works to 1800
_916496
942 _2ddc
_cBK
999 _c85459
_d85459